000 00790nas a2200253 4500
001 BR2010002958
003 BR-BrBNA
005 20231205114244.0
007 ta
008 230509b bl.|||p| |||| 00| 00por d
040 _aBR-BrBNA
_bpor
_cBiblioteca Nacional de Agricultura
041 _a(Pt)
072 _aU10
100 1 _aTerra, F. da S.
100 1 _aFonseca, E.L. da
100 1 _aSaldanha, D.L.
245 1 _aContribuições do solo e dossel em modelo de estimativa de biomassa aérea no Bioma Pampa
650 _aFORRAGEM
650 _aMODELO MATEMÁTICO
650 _aBIOMASSA
773 0 _tPesquisa Agropecuária Brasileira (Brazil)
_xISSN 0100-204X
_g(Apr 2010), v. 45(4) p. 384-390
_wBR2010002958
909 _a202311
_bLúcia
_c55
_dLúcia Elande
942 _2AGRIS
_n0
_cANA
999 _c207864
_d207864